[Event "Ruhrgebiet Verbandsklasse Gruppe 3 1819"]
[Site "Nordrheinwestfalen"]
[Date "2019.02.03"]
[Round "6.8"]
[White "Papenkordt, Karl Hermann"]
[Black "Lehmkau, Steffen"]
[Result "1/2-1/2"]
[WhiteElo "1548"]
[BlackElo "1573"]
[PlyCount "32"]
[EventDate "2018.09.23"]
[EventType "team-tourn"]
[EventRounds "9"]
[EventCountry "GER"]
[SourceTitle "EXT 2022"]
[Source "ChessBase"]
[SourceDate "2021.10.06"]
[SourceVersion "1"]
[SourceVersionDate "2021.10.06"]
[SourceQuality "1"]
[WhiteTeam "Witten"]
[BlackTeam "Muelheim Nord IV"]
[WhiteTeamCountry "GER"]
[BlackTeamCountry "GER"]

1. d4 d5 2. c4 e6 3. Nc3 Nf6 4. Nf3 c6 5. Bg5 Nbd7 6. e3 Qa5 7. Qa4 Qxa4 8. Nxa4 dxc4 9. Nc3 b5 10. a4 Bb4 11. Nd2 Bxc3 12. bxc3 a6 13. Be2 Nb6 14. axb5 cxb5 15. 0-0 Bb7 16. f3 Nbd5 1/2-1/2

[Event "Hessen-ch Seniors op 11th"]
[Site "Bad Sooden-Allendorf"]
[Date "2015.05.15"]
[Round "7"]
[White "Papenkordt, Karl Hermann"]
[Black "Wuestehube, Harry"]
[Result "0-1"]
[WhiteElo "1813"]
[BlackElo "1900"]
[PlyCount "73"]
[EventDate "2015.05.09"]
[EventType "swiss"]
[EventRounds "9"]
[EventCountry "GER"]
[SourceTitle "EXT 2018"]
[Source "ChessBase"]
[SourceDate "2017.10.13"]
[SourceVersion "1"]
[SourceVersionDate "2017.10.13"]
[SourceQuality "1"]

1. d4 Nf6 2. Nf3 g6 3. c4 Bg7 4. Nc3 0-0 5. e4 d6 6. Be2 e5 7. d5 Na6 8. 0-0 Nc5 9. Qc2 a5 10. Nd2 Bd7 11. Nb3 Nxb3 12. Qxb3 b6 13. Qd1 h6 14. h3 Nh7 15. Be3 f5 16. exf5 gxf5 17. f4 Qh4 18. Rc1 Rae8 19. Qe1 Qf6 20. Bh5 Re7 21. Qd2 Qh4 22. Qd1 Nf6 23. Be2 Ng4 24. Bxg4 fxg4 25. hxg4 Bxg4 26. Qd2 Rfe8 27. Qf2 Qh5 28. Qd2 Qg6 29. Rce1 Bf6 30. Qf2 Rg7 31. fxe5 Bxe5 32. Ne2 Bh3 33. Nf4 Bxf4 34. Bxf4 Rxe1 35. Rxe1 Bxg2 36. Re2 Bxd5+ 37. Kh2 0-1

[Event "Hessen-ch Seniors op 11th"]
[Site "Bad Sooden-Allendorf"]
[Date "2015.05.11"]
[Round "3"]
[White "Papenkordt, Karl Hermann"]
[Black "Knobling, Rolf"]
[Result "1-0"]
[WhiteElo "1813"]
[BlackElo "1574"]
[PlyCount "84"]
[EventDate "2015.05.09"]
[EventType "swiss"]
[EventRounds "9"]
[EventCountry "GER"]
[SourceTitle "EXT 2018"]
[Source "ChessBase"]
[SourceDate "2017.10.13"]
[SourceVersion "1"]
[SourceVersionDate "2017.10.13"]
[SourceQuality "1"]

1. d4 d5 2. c4 e6 3. Nf3 Nf6 4. Bg5 Nbd7 5. e3 Be7 6. Nc3 h6 7. Bh4 0-0 8. Bd3 c6 9. cxd5 cxd5 10. 0-0 a6 11. Rc1 b5 12. Bb1 Bb7 13. Qd3 b4 14. Na4 Ne4 15. Bxe7 Qxe7 16. Rc7 Rab8 17. Rfc1 Qd6 18. Ne1 Nef6 19. b3 Nb6 20. Nb2 Rfc8 21. Qc2 Rxc7 22. Qxc7 Qxc7 23. Rxc7 Ne8 24. Rc1 Nd6 25. Nbd3 a5 26. Rc5 Ra8 27. Ne5 a4 28. Bc2 axb3 29. Bxb3 Rc8 30. N1d3 Nbc4 31. Bxc4 dxc4 32. Nxb4 f6 33. Rxc8+ Bxc8 34. Nec6 Kf8 35. Kf1 Ke8 36. Ke2 Bb7 37. f3 Kd7 38. Na5 Ba8 39. Kd2 Kc7 40. Kc3 Kb6 41. Nxc4+ Nxc4 42. Kxc4 Bd5+ 1-0

[Event "Hessen-ch Seniors op 11th"]
[Site "Bad Sooden-Allendorf"]
[Date "2015.05.10"]
[Round "2"]
[White "Hunold, Rolf"]
[Black "Papenkordt, Karl Hermann"]
[Result "1-0"]
[WhiteElo "2119"]
[BlackElo "1813"]
[PlyCount "57"]
[EventDate "2015.05.09"]
[EventType "swiss"]
[EventRounds "9"]
[EventCountry "GER"]
[SourceTitle "EXT 2018"]
[Source "ChessBase"]
[SourceDate "2017.10.13"]
[SourceVersion "1"]
[SourceVersionDate "2017.10.13"]
[SourceQuality "1"]

1. e4 c5 2. Nf3 Nc6 3. Bb5 g6 4. c3 Nf6 5. Qe2 Bg7 6. h3 0-0 7. 0-0 Qc7 8. d4 cxd4 9. cxd4 d6 10. Nc3 e6 11. Be3 Bd7 12. Rac1 a6 13. Bd3 Qa5 14. Nd2 Rac8 15. Nc4 Qc7 16. d5 Nb4 17. Nb6 Nxd3 18. Qxd3 Rcd8 19. a4 Ne8 20. Ne2 Qb8 21. Rc2 Nc7 22. Rfc1 Na8 23. b3 Nxb6 24. Bxb6 Rc8 25. Bc7 Rxc7 26. Rxc7 Bc6 27. R7xc6 bxc6 28. dxc6 Rc8 29. Qxa6 1-0

[Event "GER-chB Seniors 26th"]
[Site "Bad Neuenahr"]
[Date "2014.08.13"]
[Round "9"]
[White "Krueger, Bernhard"]
[Black "Papenkordt, Karl Hermann"]
[Result "1/2-1/2"]
[WhiteElo "1716"]
[BlackElo "1850"]
[PlyCount "51"]
[EventDate "2014.08.05"]
[EventType "swiss"]
[EventRounds "9"]
[EventCountry "GER"]
[SourceTitle "EXT 2018"]
[Source "ChessBase"]
[SourceDate "2017.10.13"]
[SourceVersion "1"]
[SourceVersionDate "2017.10.13"]
[SourceQuality "1"]

1. c4 e5 2. g3 g6 3. Nc3 Bg7 4. Bg2 Ne7 5. e3 0-0 6. Nge2 d6 7. d4 Nd7 8. 0-0 c6 9. d5 c5 10. Bd2 f5 11. Rb1 a6 12. e4 fxe4 13. Nxe4 Nf6 14. Nxf6+ Bxf6 15. Bh6 Rf7 16. Nc3 Nf5 17. Bd2 Nd4 18. b4 b6 19. Ne4 Be7 20. f4 Bf5 21. bxc5 bxc5 22. Rc1 h6 23. fxe5 dxe5 24. Nf2 Rb8 25. g4 Bc8 26. Ne4 1/2-1/2

[Event "Lipperland op 13th"]
[Site "Doerentrup"]
[Date "2014.06.01"]
[Round "3"]
[White "Papenkordt, Karl Hermann"]
[Black "Heissenbuettel, Hans Erich"]
[Result "1/2-1/2"]
[WhiteElo "1860"]
[BlackElo "1971"]
[PlyCount "38"]
[EventDate "2014.05.30"]
[EventType "swiss"]
[EventRounds "9"]
[EventCountry "GER"]
[SourceTitle "EXT 2019"]
[Source "ChessBase"]
[SourceDate "2018.10.10"]
[SourceVersion "1"]
[SourceVersionDate "2018.10.10"]
[SourceQuality "1"]

1. c4 e5 2. Nc3 g6 3. Nf3 Bg7 4. e4 Nc6 5. d3 d6 6. Be2 Nge7 7. 0-0 0-0 8. Bd2 f5 9. exf5 Nxf5 10. Rc1 Ncd4 11. Nxd4 Nxd4 12. Bg4 Ne6 13. b4 c6 14. Ne2 Nf4 15. Nxf4 exf4 16. Bxc8 Rxc8 17. Qf3 Bd4 18. Bc3 Qf6 19. Bxd4 Qxd4 1/2-1/2

[Event "Hessen-ch Seniors op 08th"]
[Site "Bad Sooden-Allendorf"]
[Date "2012.04.17"]
[Round "4"]
[White "Geibel, Henning"]
[Black "Papenkordt, Karl Hermann"]
[Result "0-1"]
[WhiteElo "1532"]
[BlackElo "1903"]
[PlyCount "90"]
[EventDate "2012.04.14"]
[EventType "swiss"]
[EventRounds "9"]
[EventCountry "GER"]
[SourceTitle "EXT 2019"]
[Source "ChessBase"]
[SourceDate "2018.10.10"]
[SourceVersion "1"]
[SourceVersionDate "2018.10.10"]
[SourceQuality "1"]

1. e4 c5 2. Nf3 Nc6 3. Bc4 e6 4. 0-0 Nf6 5. d3 d5 6. exd5 exd5 7. Bb5 Bd7 8. Bg5 Be7 9. Re1 0-0 10. c4 d4 11. a3 a6 12. Bxc6 Bxc6 13. Nbd2 h6 14. Bxf6 Bxf6 15. b4 b6 16. bxc5 bxc5 17. Ne5 Bxe5 18. Rxe5 Qd6 19. Qe1 Rfe8 20. Rxe8+ Rxe8 21. Qc1 Qg6 22. Qf1 Re5 23. f3 f5 24. Re1 Re3 25. Rxe3 dxe3 26. Nb3 Qe8 27. Nxc5 e2 28. Qe1 Qe3+ 29. Kh1 Qxc5 30. Qxe2 Kf7 31. Qa2 Qd4 32. h3 Qxd3 33. c5+ Bd5 34. Qa1 Qe3 35. a4 a5 36. Qg1 Qxg1+ 37. Kxg1 Bb3 38. c6 Ke7 39. Kf2 Kd6 40. c7 Kxc7 41. Ke3 Bxa4 42. g4 fxg4 43. hxg4 Kc6 44. Kd2 Kd5 45. Kc3 Bd1 0-1

[Event "Hessen-ch Seniors op 07th"]
[Site "Bad Sooden-Allendorf"]
[Date "2011.05.03"]
[Round "4"]
[White "Auerswald, Gottfried"]
[Black "Papenkordt, Karl Hermann"]
[Result "0-1"]
[WhiteElo "1428"]
[BlackElo "1611"]
[PlyCount "70"]
[EventDate "2011.04.30"]
[EventType "swiss"]
[EventRounds "9"]
[EventCountry "GER"]
[SourceTitle "EXT 2012"]
[Source "ChessBase"]
[SourceDate "2011.11.24"]
[SourceVersion "1"]
[SourceVersionDate "2011.11.24"]
[SourceQuality "1"]

1. e4 c5 2. Nc3 Nc6 3. Bb5 Nf6 4. Bxc6 dxc6 5. f4 Bg4 6. Nf3 e6 7. d3 Be7 8. Be3 0-0 9. 0-0 Qc7 10. h3 Bxf3 11. Qxf3 Nd7 12. Rf2 f5 13. e5 Nb6 14. Rd1 Nd5 15. Nxd5 cxd5 16. d4 cxd4 17. Bxd4 a5 18. a4 Rac8 19. Qb3 Qc6 20. Qb6 Bd8 21. Qxc6 Rxc6 22. b3 Bh4 23. Re2 Rfc8 24. c3 Be7 25. Rc2 Kf7 26. Kf2 h6 27. g3 g5 28. Kf3 Kg6 29. Rh1 h5 30. Rg2 Bc5 31. Ke3 Bxd4+ 32. Kxd4 Rxc3 33. Rb1 Rf3 34. b4 Rcc3 35. bxa5 Rfd3# 0-1

[Event "Niedersachsen-ch Seniors op 13th"]
[Site "Bad Bevensen"]
[Date "2010.07.08"]
[Round "3"]
[White "Baeumcher, Karl"]
[Black "Papenkordt, Karl Hermann"]
[Result "0-1"]
[WhiteElo "1400"]
[BlackElo "1662"]
[PlyCount "48"]
[EventDate "2010.07.06"]
[EventType "swiss"]
[EventRounds "9"]
[EventCountry "GER"]
[SourceTitle "EXT 2012"]
[Source "ChessBase"]
[SourceDate "2011.11.24"]
[SourceVersion "1"]
[SourceVersionDate "2011.11.24"]
[SourceQuality "1"]

1. d4 g6 2. Bf4 Bg7 3. Nf3 c5 4. c3 cxd4 5. cxd4 Nc6 6. a3 Nf6 7. Qc1 Qb6 8. Be5 Nxe5 9. dxe5 Ng4 10. e3 Nxe5 11. Nxe5 Bxe5 12. Nc3 0-0 13. Rb1 d6 14. Nd5 Qd8 15. f4 Bg7 16. Bc4 Bf5 17. Ra1 Rc8 18. a4 Be4 19. Nc3 Rxc4 20. Qd2 Bxc3 21. bxc3 Qa5 22. Ra3 Rfc8 23. Kf2 Rxa4 24. Rha1 Rxa3 0-1

[Event "Hessen-ch Seniors op 05th"]
[Site "Bad Sooden-Allendorf"]
[Date "2009.05.01"]
[Round "7"]
[White "Papenkordt, Karl Hermann"]
[Black "Oldach, Ehrenfried"]
[Result "0-1"]
[WhiteElo "1641"]
[BlackElo "1910"]
[PlyCount "64"]
[EventDate "2009.04.25"]
[EventType "swiss"]
[EventRounds "9"]
[EventCountry "GER"]
[SourceTitle "EXT 2022"]
[Source "ChessBase"]
[SourceDate "2021.10.06"]
[SourceVersion "1"]
[SourceVersionDate "2021.10.06"]
[SourceQuality "1"]

1. c4 e5 2. Nc3 d6 3. Nf3 f5 4. d4 e4 5. Ng5 Be7 6. Nh3 Nf6 7. Bg5 Be6 8. Nf4 Bf7 9. e3 Nbd7 10. Be2 c6 11. 0-0 0-0 12. Qc2 Nb6 13. Bxf6 Bxf6 14. b3 d5 15. c5 Nd7 16. b4 Bg5 17. Nh5 g6 18. Ng3 f4 19. exf4 Bxf4 20. Rfe1 Qc7 21. Nf1 Be6 22. f3 exf3 23. Bxf3 Rae8 24. Qd1 Nf6 25. g3 Bh6 26. Ne3 Qd7 27. a4 Bh3 28. Ng2 Rxe1+ 29. Nxe1 Be3+ 30. Kh1 Ng4 31. Nd3 Qf5 32. Bxg4 Bxg4 0-1

[Event "Hessen-ch Seniors op 05th"]
[Site "Bad Sooden-Allendorf"]
[Date "2009.04.27"]
[Round "3"]
[White "Papenkordt, Karl Hermann"]
[Black "Just, Fred"]
[Result "0-1"]
[WhiteElo "1641"]
[BlackElo "2027"]
[PlyCount "106"]
[EventDate "2009.04.25"]
[EventType "swiss"]
[EventRounds "9"]
[EventCountry "GER"]
[SourceTitle "EXT 2022"]
[Source "ChessBase"]
[SourceDate "2021.10.06"]
[SourceVersion "1"]
[SourceVersionDate "2021.10.06"]
[SourceQuality "1"]

1. c4 Nf6 2. Nc3 c6 3. e4 d5 4. e5 Ne4 5. Nf3 Nxc3 6. dxc3 e6 7. Bg5 Be7 8. Bxe7 Qxe7 9. Bd3 Nd7 10. 0-0 b6 11. Re1 dxc4 12. Bxc4 Bb7 13. Qd6 Qxd6 14. exd6 0-0-0 15. Ng5 Rdf8 16. a4 h6 17. Ne4 a6 18. Be2 f5 19. Nd2 e5 20. b4 Rf6 21. b5 cxb5 22. axb5 a5 23. Nc4 Bd5 24. Ne3 Bf7 25. Bc4 f4 26. Nd5 Bxd5 27. Bxd5 Rxd6 28. Bc6 Re8 29. c4 Re7 30. Bxd7+ Kxd7 31. c5 bxc5 32. Rxa5 Ke6 33. b6 Rc6 34. g3 g5 35. Kg2 Rb7 36. Rc1 Kd5 37. gxf4 exf4 38. Kf3 Rbxb6 39. Rd1+ Kc4 40. Rc1+ Kb4 41. Raa1 c4 42. Ke4 Kc5 43. Ra4 Rb4 44. Ra5+ Kd6 45. Rd5+ Ke6 46. Rd4 Rc5 47. Rcd1 Re5+ 48. Kf3 Kf5 49. h3 h5 50. Rc1 Rc5 51. Re1 Rb3+ 52. Kg2 c3 53. Re8 Rb6 0-1

[Event "Hessen-ch Seniors op 04th"]
[Site "Bad Sooden-Allendorf"]
[Date "2008.04.30"]
[Round "7"]
[White "Alefs, Heinz"]
[Black "Papenkordt, Karl Hermann"]
[Result "1-0"]
[WhiteElo "1672"]
[BlackElo "1691"]
[PlyCount "109"]
[EventDate "2008.04.24"]
[EventType "swiss"]
[EventRounds "9"]
[EventCountry "GER"]
[SourceTitle "EXT 2022"]
[Source "ChessBase"]
[SourceDate "2021.10.06"]
[SourceVersion "1"]
[SourceVersionDate "2021.10.06"]
[SourceQuality "1"]

1. d4 Nf6 2. Nf3 g6 3. e3 Bg7 4. Bd3 0-0 5. Nbd2 c5 6. 0-0 d6 7. c3 Nc6 8. Qc2 a6 9. dxc5 dxc5 10. e4 Qc7 11. a4 Be6 12. Re1 Rfd8 13. Ng5 Bc8 14. Nc4 Ng4 15. f4 e5 16. h3 Nf6 17. f5 h6 18. Nf3 Rb8 19. Ne3 b5 20. fxg6 fxg6 21. Qe2 c4 22. Bc2 Be6 23. axb5 axb5 24. Nh2 Qb6 25. Kh1 Nh5 26. Nef1 Rf8 27. Be3 Qb7 28. Kg1 Nf4 29. Qd2 Rbd8 30. Qc1 g5 31. Ng3 Qf7 32. Bc5 Rfe8 33. Ra6 Bd7 34. Nf5 Bxf5 35. exf5 Qd5 36. Be4 Qxc5+ 37. Kf1 Nb8 38. Ra2 Nd3 39. Qe3 Qxe3 40. Rxe3 Nf4 41. Ke1 Rd6 42. b4 cxb3 43. Rb2 Red8 44. Rxb3 Rd2 45. Rxb5 Nxg2+ 46. Bxg2 Rxg2 47. Ng4 Nc6 48. f6 Ra8 49. Kf1 Rc2 50. fxg7 Ra1+ 51. Re1 Rxe1+ 52. Kxe1 Rxc3 53. Rb7 Ne7 54. Rxe7 Rc8 55. Nf6# 1-0

[Event "Hessen-ch Seniors op 04th"]
[Site "Bad Sooden-Allendorf"]
[Date "2008.04.29"]
[Round "6"]
[White "Papenkordt, Karl Hermann"]
[Black "Hopp, Barbara"]
[Result "1-0"]
[WhiteElo "1691"]
[BlackElo "1473"]
[PlyCount "69"]
[EventDate "2008.04.24"]
[EventType "swiss"]
[EventRounds "9"]
[EventCountry "GER"]
[SourceTitle "EXT 2022"]
[Source "ChessBase"]
[SourceDate "2021.10.06"]
[SourceVersion "1"]
[SourceVersionDate "2021.10.06"]
[SourceQuality "1"]

1. d4 g6 2. c4 Bg7 3. Nc3 d6 4. e4 Nh6 5. f3 Nd7 6. Be3 e5 7. d5 b6 8. Bd3 Nc5 9. Bc2 a5 10. Qd2 f5 11. Bg5 Bf6 12. Bxh6 f4 13. Nge2 g5 14. g3 Rg8 15. h4 Qe7 16. hxg5 Bxg5 17. Bxg5 Rxg5 18. gxf4 Rg2 19. 0-0-0 Bd7 20. Rdg1 Rxg1+ 21. Rxg1 0-0-0 22. f5 Rh8 23. Qh6 Kb7 24. Rg7 Qf8 25. Ng3 Be8 26. f6 Bg6 27. Nb5 Na6 28. Qg5 Rg8 29. Rxg8 Qxg8 30. Nf5 Qd8 31. Ne7 Bf7 32. Qg7 Qe8 33. Qxh7 Nc5 34. Nf5 Nd7 35. Nfxd6+ 1-0

[Event "Ruhrgebiet VK3 0708"]
[Site "Germany"]
[Date "2008.04.06"]
[Round "8.7"]
[White "Papenkordt, Karl Hermann"]
[Black "Brandhorst, Dieter"]
[Result "1-0"]
[WhiteElo "1934"]
[BlackElo "2103"]
[PlyCount "111"]
[EventDate "2007.09.16"]
[EventType "team-tourn"]
[EventRounds "9"]
[EventCountry "GER"]
[SourceTitle "EXT 2009"]
[Source "ChessBase"]
[SourceDate "2008.11.26"]
[SourceVersion "1"]
[SourceVersionDate "2008.11.26"]
[SourceQuality "1"]
[WhiteTeam "Witten"]
[BlackTeam "Bergeborbeck Wacker"]
[WhiteTeamCountry "GER"]
[BlackTeamCountry "GER"]

1. c4 Nf6 2. Nc3 c6 3. e4 d6 4. d4 g6 5. f3 Bg7 6. Be3 0-0 7. Qd2 e5 8. d5 Nh5 9. 0-0-0 c5 10. Nge2 Bd7 11. g4 Nf6 12. Ng3 Na6 13. h4 Ne8 14. h5 Nac7 15. hxg6 fxg6 16. Qh2 Nf6 17. g5 Nfe8 18. Qxh7+ Kf7 19. Rh6 Ke7 20. Rxg6 Rxf3 21. Rxg7+ Nxg7 22. Qxg7+ Rf7 23. Qh6 Qg8 24. g6 Rf3 25. Be2 Rxe3 26. Qxe3 Qxg6 27. Rh1 Rg8 28. Nf5+ Bxf5 29. exf5 Qxf5 30. Bd3 Qg4 31. Ne2 Qg5 32. Kd2 b5 33. b3 b4 34. Rg1 Qxe3+ 35. Kxe3 Rh8 36. Rg7+ Kd8 37. Bf5 Na6 38. Rxa7 Nb8 39. Rb7 Na6 40. Rd7+ Ke8 41. Rxd6 Nb8 42. Re6+ Kf7 43. Rxe5 Kf6 44. Ke4 Rh2 45. Re6+ Kf7 46. Ke3 Rh1 47. Rb6 Rh8 48. Rb5 Kf6 49. Be6 Na6 50. Rb6 Nc7 51. Rc6 Nxe6 52. Rxe6+ Kf7 53. Rc6 Re8+ 54. Kf3 Ra8 55. Nc1 Rh8 56. Rxc5 1-0

[Event "Ruhrgebiet VK3 0708"]
[Site "Germany"]
[Date "2007.10.21"]
[Round "2.7"]
[White "Papenkordt, Karl Hermann"]
[Black "Brixius, Dirk"]
[Result "1-0"]
[WhiteElo "1934"]
[BlackElo "1837"]
[PlyCount "98"]
[EventDate "2007.09.16"]
[EventType "team-tourn"]
[EventRounds "9"]
[EventCountry "GER"]
[SourceTitle "EXT 2009"]
[Source "ChessBase"]
[SourceDate "2008.11.26"]
[SourceVersion "1"]
[SourceVersionDate "2008.11.26"]
[SourceQuality "1"]
[WhiteTeam "Witten"]
[BlackTeam "Essen Werden"]
[WhiteTeamCountry "GER"]
[BlackTeamCountry "GER"]

1. c4 e5 2. d3 f5 3. Nf3 d6 4. Nc3 Nf6 5. g3 Be7 6. Bg2 0-0 7. Bg5 h6 8. Bxf6 Bxf6 9. Nd5 Nd7 10. Nxf6+ Nxf6 11. 0-0 c5 12. Qa4 Bd7 13. Qa3 a5 14. Qc3 Rb8 15. a3 b5 16. b4 cxb4 17. axb4 a4 18. cxb5 Bxb5 19. Nh4 Qd7 20. Qb2 Kh7 21. Bh3 g6 22. Rad1 Qa7 23. Ng2 Bc6 24. Rc1 Bd5 25. Rc3 Ng4 26. Bxg4 fxg4 27. Ne3 Be6 28. Rfc1 Rbc8 29. b5 Qa5 30. Nc4 Bxc4 31. Rxc4 Rxc4 32. dxc4 a3 33. Qb3 Qd2 34. Qxa3 Qxe2 35. Qa7+ Kg8 36. Qe3 Qb2 37. b6 Rf3 38. Qxh6 Qxf2+ 39. Kh1 Rf6 40. Rb1 Qf3+ 41. Kg1 Qe4 42. Qc1 Qd4+ 43. Kh1 Rf2 44. Qe1 Qc5 45. Qe4 Qc8 46. b7 Qb8 47. Qxg6+ Kh8 48. Qxg4 Rf1+ 49. Rxf1 Qxb7+ 1-0

[Event "Hessen-ch Seniors op 03rd"]
[Site "Bad Sooden-Allendorf"]
[Date "2007.05.04"]
[Round "7"]
[White "Geisler, Reinhard"]
[Black "Papenkordt, Karl Hermann"]
[Result "1-0"]
[WhiteElo "1884"]
[BlackElo "1734"]
[PlyCount "53"]
[EventDate "2007.04.27"]
[EventType "swiss"]
[EventRounds "9"]
[EventCountry "GER"]
[SourceTitle "EXT 2022"]
[Source "ChessBase"]
[SourceDate "2021.10.06"]
[SourceVersion "1"]
[SourceVersionDate "2021.10.06"]
[SourceQuality "1"]

1. d4 Nf6 2. c4 g6 3. Nc3 Bg7 4. Nf3 0-0 5. Bg5 d6 6. e3 c5 7. Be2 Na6 8. 0-0 Nc7 9. Rc1 b6 10. h3 Ne6 11. Bh4 Bb7 12. d5 Nc7 13. Bg3 Bc8 14. e4 Bh6 15. Rc2 Nh5 16. Bh2 Nf4 17. Re1 Nxe2+ 18. Rcxe2 Bd7 19. e5 dxe5 20. Nxe5 Re8 21. Nxd7 Qxd7 22. Bxc7 Qxc7 23. d6 Qc6 24. dxe7 Rab8 25. a4 Rb7 26. Nd5 Rd7 27. Nf6+ 1-0

[Event "Hessen-ch Seniors op 03rd"]
[Site "Bad Sooden-Allendorf"]
[Date "2007.05.02"]
[Round "5"]
[White "Busic, Nedjeljko"]
[Black "Papenkordt, Karl Hermann"]
[Result "1-0"]
[WhiteElo "1878"]
[BlackElo "1734"]
[PlyCount "43"]
[EventDate "2007.04.27"]
[EventType "swiss"]
[EventRounds "9"]
[EventCountry "GER"]
[SourceTitle "EXT 2022"]
[Source "ChessBase"]
[SourceDate "2021.10.06"]
[SourceVersion "1"]
[SourceVersionDate "2021.10.06"]
[SourceQuality "1"]

1. e4 d6 2. d4 Nf6 3. Nc3 g6 4. Bc4 Bg7 5. Nf3 0-0 6. h3 c5 7. dxc5 Qa5 8. 0-0 Qxc5 9. Qd3 a6 10. Be3 Qc7 11. a4 Nc6 12. Rfd1 Bd7 13. Bg5 Rac8 14. Bb3 h6 15. Bxf6 Bxf6 16. Nd5 Qa5 17. Nxf6+ exf6 18. Qxd6 Be6 19. Bxe6 Rcd8 20. Bd7 Kg7 21. Rd5 Qb6 22. b3 1-0

[Event "Bad Wildungen Seniors op 3rd"]
[Site "Bad Wildungen"]
[Date "2006.08.07"]
[Round "8"]
[White "Papenkordt, Karl Hermann"]
[Black "Banfelder, Herbert"]
[Result "1-0"]
[WhiteElo "1677"]
[BlackElo "1607"]
[PlyCount "85"]
[EventDate "2006.07.31"]
[EventType "swiss"]
[EventRounds "9"]
[EventCountry "GER"]
[SourceTitle "EXT 2007"]
[Source "ChessBase"]
[SourceDate "2006.11.23"]
[SourceVersion "1"]
[SourceVersionDate "2006.11.23"]
[SourceQuality "1"]

1. c4 Nf6 2. Nc3 g6 3. e4 d6 4. d4 Bg7 5. f3 Nbd7 6. Be3 b6 7. Bd3 Bb7 8. Nge2 0-0 9. Qd2 Re8 10. 0-0-0 e5 11. d5 Nc5 12. Bc2 Ba6 13. b3 Qd7 14. b4 Ncxe4 15. fxe4 Bxc4 16. Bd3 Bxd3 17. Qxd3 a5 18. b5 a4 19. a3 Ng4 20. Bg1 f5 21. h3 Nh6 22. Be3 fxe4 23. Qxe4 Nf5 24. Bf2 Bh6+ 25. Kc2 Bg7 26. Qd3 e4 27. Qc4 e3 28. Be1 Qe7 29. g4 Nh6 30. Nf4 Qe5 31. Ne6 Bh8 32. Qe4 Qxe4+ 33. Nxe4 Re7 34. Bc3 Nf7 35. Nf6+ Bxf6 36. Bxf6 Rd7 37. Rhe1 Ne5 38. Bxe5 dxe5 39. Rxe3 Ra5 40. Rf3 h6 41. Rf8+ Kh7 42. Rc8 Rxb5 43. Nf8+ 1-0